1916 1621 1536 1335 1549 1261 1944 1150 1740 1486 1472 1595 1756 1376 1267 1026 1162 1340 1965 1421 1933 1029 1809 1596 1973 1176 1500 1756 1493 1998 1796 1943 1671 1657 1958 1148 1760 1767 1357 1116 1445 1774 1064 1201 1662 1317 1222 1416 1542 1528 1150 1389 1854 1479 1519 1541 1888 1909 1845 1509 1308 1965 1086 1422 1453 1128 1626 1514 1674 1691 1588 1156 1546 1428 1174 1898 1764 1011 1242 1479 1384 1299 1126 1490 1805 1994 1413 1869 1214 1350 1233 1871 1110 1849 1316 1049 1936 1711 1160 BCNSPRNW ULIB Ver.6.0+V

เปลี่ยนเป็นภาษาไทย

Change to English
 แสดงรายละเอียดบรรณานุกรม
  กลับหน้าหลัก

Brief Record : Get Marc (ISO 2709) : E-mail record : QR code < ปิดหน้าต่าง
LEADER : 00000nam 2200000uu 4500
001    13399110971
003     ULIB
008    110614s||||||||th 000 0 tha d
020    9789741010639
050  4 AC158^bอ543ว 2551
100 1  ยองจู, อัน
245 10 วิทยาศาสตร์ฉลาดรู้ เรื่อง พลังงาน /^cอันยองจู, เขียน ;วิภาพร พูลสวัสดิ์, แปล
250    พิมพ์ครั้งที่ 4
260    กรุงเทพฯ :^bอัมรินทร์คอมมิกส์,^c2551
300    199 หน้า :^bภาพประกอบ ;^c21 ซม.
440  0 ชุดวิทยาศาสตร์ฉลาดรู้ ;^vลำดับที่ 13
650  7 การ์ตูน
650  7 พลังงาน (กลศาสตร์)^xวรรณกรรมสำหรับเด็ก
650  7 วรรณกรรมเกาหลี
650  7 วรรณกรรมสำหรับเด็ก
700 0  วิภาพร พูลสวัสดิ์,^eผู้แปล
945    ^p199^l0^i024192
945    ^p199^l0^i024191
995    ทศพร
999 ^a ใช้งานได้ทุกระบบ
รายการนี้ยังไม่มีแท็ก
คุณยังไม่ได้ล็อกอิน คุณสามารถมีกิจกรรมร่วมกับเว็บไซต์ได้ แต่ต้องล็อกอินก่อน ::
  ล็อกอิน

รายการสื่อสารสนเทศ

ลำดับที่ ประเภท เลขเรียก/บาร์โค้ด สถานที่ สถานะ
- ไม่พบข้อมูล -

รายการใกล้เคียง
    ผู้แต่ง [ยองจู, อัน]

    หัวเรื่อง [การ์ตูน]
    หัวเรื่อง [วรรณกรรมเกาหลี]
    หัวเรื่อง [วรรณกรรมสำหรับเด็ก]

BibComment


ยังไม่เคยถูกคอมเมนท์

คอมเมนท์ทรัพยากรรายการนี้
  คอมเมนท์: วิทยาศาสตร์ฉลาดรู..


 Copyright 2026. Bcnsprnw @Library